| 000 | 01031cam a22001934a 4500 | ||
|---|---|---|---|
| 005 | 20250605164358.0 | ||
| 008 | 250528s ||||||||||||||||||||||||d | ||
| 035 | _a24443 | ||
| 040 |
_aGR-AtMCL _bgre _dGR-AtMCL _eAACR2 |
||
| 245 | 1 | _aΜητρώο Online Μέσων: Ναι μεν αλλά... από την Αγορά | |
| 260 | _c2016 | ||
| 300 | _a34 | ||
| 520 | _aTo YouTube θα Κάνει 'Challenge' θα Κάνει 'Challenge' τη Δαπάνη στην Τηλεόραση, Ηλεκτρονικό Media Buying: Γιατί η Κυβέρνηση Θέλει να Παραστήσει το Media Agency, Brands and Music: Το 'Love Affair' της Αποτελεσματικότητας, ΕΚΕ: 8η Χρονιά για τον Δείκτη Εταιρικής Ευθύνης CR Index, IPG Mediabrands: D100 - Τα 100 πιο Δυναμικά Brands στον Κόσμο. | ||
| 700 | 1 |
_aΚορδελάς Δημήτρης _99464 |
|
| 942 | _cCR | ||
| 710 | 2 |
_aThe Marketing Week _99825 |
|
| 999 |
_c9324 _d9324 |
||